| 000 | 00630nam a2200205 i 4500 | ||
|---|---|---|---|
| 001 | 51723 | ||
| 003 | ES-MaACL | ||
| 005 | 20250824230743.0 | ||
| 007 | t| | ||
| 008 | 030818s1970 sp ||||1| spa d | ||
| 100 | 1 |
_aDankelman, John. _942645 |
|
| 245 | 1 | 3 |
_aLa llamada de Dios _b: el amor creador / _cJohn Dankelman ; [versión por Santos Juliá Díaz]. |
| 260 |
_aMadrid : _bRialp, _c[1970] |
||
| 300 |
_a283 p. ; _c19 cm. |
||
| 490 | 1 |
_aPatmos ; _v135 |
|
| 700 | 1 |
_aJuliá, Santos, _d1940-2019 _967236 |
|
| 830 | 0 | 0 |
_aPatmos (Rialp) _v135 _9181154 |
| 852 |
_aES-MaACL _jC-46357 _bR.73475 |
||
| 999 |
_c51723 _d51723 |
||